000
00265nam a22001217a 4500
008
171013b xxu||||| |||| 00| 0 eng d
041
_a
eng
080
_2
6TH
_a
316
100
_a
51
101
_a
SOC
245
_a
MARRIAGES & FAMILIES
_c
OLSON,D.H
942
_2
udc
_c
BK
999
_c
33670
_d
33670